000 00660nam a22002177a 4500
999 _c7403
_d7403
001 7403
003 BD-JhCC
005 20180208173112.0
008 180208s1986 bg |||| |||| 00| 0 ben d
035 _a(BD-JhCC)7403
040 _aBD-JhCC
_dBD-JhCC
041 _aben
082 _a954.92
_bALI 1986
100 _aআলী, মোবাশ্বের
245 _aবাংলাদেশের সন্ধানে /
_cমোবাশ্বের আলী
260 _aঢাকা :
_bমুক্তধারা,
_c১৯৮৬.
300 _a২৩১ পৃ. :
_c২০ সেমি.
650 _aBangladesh
942 _2ddc
_cBK